Engineering mathematics I (Record no. 136546)

000 -LEADER
fixed length control field 00271nam a2200121Ia 4500
008 - FIXED-LENGTH DATA ELEMENTS--GENERAL INFORMATION
fixed length control field 220120s9999||||xx |||||||||||||| ||und||
020 ## - INTERNATIONAL STANDARD BOOK NUMBER
International Standard Book Number 1864489294
082 ## - DEWEY DECIMAL CLASSIFICATION NUMBER
Classification number 510 CHA
100 ## - MAIN ENTRY--PERSONAL NAME
Personal name K.S.C
245 #0 - TITLE STATEMENT
Title Engineering mathematics I
260 ## - PUBLICATION, DISTRIBUTION, ETC.
Date of publication, distribution, etc. 2003
300 ## - PHYSICAL DESCRIPTION
Extent 156p.
Other physical details 0
Holdings
Withdrawn status Lost status Damaged status Not for loan Collection code Home library Current library Date acquired Barcode Date last seen Price effective from Koha item type
        Humanity Science Central Library Central Library 01/20/2022 GF405 10/15/2022 01/20/2022 Gift Books

Powered by Koha